Kvalitné vyučovanie anglického jazyka v rámci prístupu zameraného na žiaka v primárnom vzdelávaní na Slovensku

Príspevok sa zaoberá prístupom zameraným na žiaka (learner-centredteaching – LCT) vo výučbe angličtiny na prvom stupni základnej školy na Slovensku. Autorka uvádza dôvody na spracovanie danej témy a podčiarkuje vhodnosť aplikácie LCT do slovenského edukačného kontextu.

Enregistré dans:
Détails bibliographiques
Auteur principal: Zamborová, Katarína, 1988-
Format: Chapitre de livre
Langue:slovaque
Sujets:
Tags: Ajouter un tag
Pas de tags, Soyez le premier à ajouter un tag!

MARC

LEADER 00000naa$a2200000$$$4500
001 0267539
005 20240502074211.0
041 0 |a slo 
044 |a SK 
245 1 0 |a Kvalitné vyučovanie anglického jazyka v rámci prístupu zameraného na žiaka v primárnom vzdelávaní na Slovensku  |c Katarína Zamborová 
520 |a Príspevok sa zaoberá prístupom zameraným na žiaka (learner-centredteaching – LCT) vo výučbe angličtiny na prvom stupni základnej školy na Slovensku. Autorka uvádza dôvody na spracovanie danej témy a podčiarkuje vhodnosť aplikácie LCT do slovenského edukačného kontextu. 
610 2 0 |a angličtina 
610 2 0 |a vyučovanie 
610 2 0 |a žiaci 
610 2 0 |a jazyky cudzie 
610 2 0 |a školy základné 
100 1 |a Zamborová, Katarína, 1988-